Une guerre économique jettera l'Allemagne á genoux / (Record no. 106265)

MARC details
000 -LEADER
campo de control de longitud fija 00876nam a2200205 i 4500
001 - NÚMERO DE CONTROL
campo de control 106265
003 - IDENTIFICADOR DE NÚMERO DE CONTROL
campo de control ES-MaACL
005 - FECHA Y HORA DE LA ÚLTIMA TRANSACCIÓN
campo de control 20250828131210.0
007 - CAMPO FIJO DE DESCRIPCIÓN FÍSICA--INFORMACIÓN GENERAL
campo de control de longitud fija t|
008 - DATOS DE LONGITUD FIJA--INFORMACIÓN GENERAL
campo de control de longitud fija 061018s1927 fr |||| | fre d
100 1# - ENTRADA PRINCIPAL--NOMBRE DE PERSONA
Nombre de persona Possehl. E.
9 (RLIN) 93346
245 14 - MENCIÓN DEL TÍTULO
Título Une guerre économique jettera l'Allemagne á genoux /
Mención de responsabilidad, etc. discours prononcé, le 11 mai 1912, par M. le négociant en gros E. Possehl (de Lübeck) dans la première séance de la Direction générale du "Deutscher Werkverein", áa Berlin (Maison de l'Union des Professeurs).
260 ## - PUBLICACIÓN, DISTRIBUCIÓN, ETC.
Lugar de publicación, distribución, etc. Lyon :
Nombre del editor, distribuidor, etc. [s.n.],
Fecha de publicación, distribución, etc. 1927 (
Fabricante Impr. de E. Vitte)
300 ## - DESCRIPCIÓN FÍSICA
Extensión 24 p. ;
Dimensiones 18 cm.
500 ## - NOTA GENERAL
Nota general Datos de edición tomados del catálogo de la Biblioteca Nacional de Francia.
852 ## - LOCALIZACIÓN
Ubicación ES-MaACL
Número de control de estantería Armario18
Encuadernación Olim: T-1421-F-1
852 ## - LOCALIZACIÓN
Ubicación ES-MaACL
Número de control de estantería 1482-F-6
942 ## - ELEMENTOS DE ENTRADA SECUNDARIOS (KOHA)
Fuente del sistema de clasificación o colocación Clasificación decimal universal
Tipo de ítem Koha Folleto
Holdings
Estatus retirado Estado de pérdida Estado de daño No para préstamo Colección Biblioteca de origen Biblioteca actual Ubicación en estantería Fecha de adquisición Fuente de adquisición Total de préstamos Signatura topográfica completa Código de barras Visto por última vez Precio de reemplazo Tipo de ítem Koha
        Colección de folletos Biblioteca del Ateneo de Madrid Biblioteca del Ateneo de Madrid Depósito folletos 17/01/2008     1482-F-6 1110933 23/02/2023 23/02/2023 Folleto
          Biblioteca del Ateneo de Madrid Biblioteca del Ateneo de Madrid Depósito 17/01/2008     Armario 18 1110932 23/02/2023 23/02/2023 Libro impreso